000
00283nam a22001217a 4500
008
240711b |||||||| |||| 00| 0 eng d
100
_a
Deepchand
_9
16867
245
_a
Majedar Kahaniyu
260
_b
Navjiven;
_c
1960.
300
_a
80p.
700
_a
Trilok Chand
_9
16868
942
_c
BK
999
_c
40003
_d
40003